Nigerian players in European Big Five (2000-) - Statistics

General Stats
  • This quiz has been taken 23 times
  • The average score is 28 of 158
Answer Stats
Ranking Player Positions Nationality Matches Goals (assists) Periods Clubs % Correct
3 Alex Iwobi MF, FW 291 31 (36) 2015-2025
88%
9 Wilfred Ndidi DF, MF 220 7 (14) 2016-2022, 2024-2025
88%
11 Ademola Lookman MF, FW 211 55 (27) 2016-2025
82%
24 Jay-Jay Okocha MF 160 20 (17) 2000-2006
82%
6 John Obi Mikel MF 249 1 (10) 2006-2016
82%
8 Nwankwo Kanu FW 230 36 (23) 2000-2010
82%
7 Victor Moses DF, MF, FW 232 20 (21) 2009-2020
82%
26 Victor Osimhen FW 149 78 (16) 2016-2017, 2019-2024
82%
127 Christopher Kanu DF 5 0 (0) 2001-2002
76%
13 Kelechi Iheanacho MF, FW 205 42 (25) 2015-2022, 2024-2025
76%
28 Joel Obi DF, MF 142 8 (4) 2010-2018, 2021-2022
71%
20 Ola Aina DF 193 7 (9) 2016-2017, 2018-2025
71%
10 Obafemi Martins FW 215 69 (24) 2002-2010, 2012-2013
65%
14 Samuel Chukwueze MF, FW 205 25 (19) 2018-2025
65%
72 Victor Boniface FW 42 22 (9) 2023-2025
65%
25 Odion Ighalo FW 150 30 (7) 2008-2009, 2010-2013, 2015-2016, 2019-2021
59%
12 Taye Taiwo DF 210 18 (16) 2004-2012
59%
27 Vincent Enyeama GK 143 0 (0) 2013-2017
59%
93 Ahmed Musa MF, FW 21 2 (1) 2016-2017
53%
39 Celestine Babayaro DF, MF 118 2 (11) 2000-2007
53%
47 Nathan Tella DF, MF, FW 84 8 (8) 2019-2021, 2023-2025
53%
55 Calvin Bassey DF 64 2 (0) 2023-2025
47%
30 Taiwo Awoniyi MF, FW 137 38 (7) 2019-2025
47%
44 William Troost-Ekong DF, MF 91 1 (0) 2018-2019, 2021-2023
47%
43 Frank Onyeka MF 100 1 (5) 2021-2025
41%
18 Moses Simon MF, FW 196 34 (38) 2018-2025
41%
79 Paul Onuachu FW 36 4 (1) 2022-2023, 2024-2025
41%
29 Terem Moffi FW 138 52 (11) 2020-2025
41%
59 Emmanuel Dennis MF, FW 61 12 (9) 2020-2023
35%
19 Ikechukwu Uche FW 194 42 (19) 2006-2011, 2013-2016
35%
61 Joe Aribo DF, MF, FW 53 5 (0) 2022-2023, 2024-2025
35%
22 Kalu Uche MF, FW 172 39 (11) 2004-2005, 2007-2011, 2014-2015
35%
46 Sunday Oliseh DF, MF 85 2 (12) 2000-2005
35%
80 Christantus Uche MF, FW 33 4 (6) 2024-2025
29%
103 Emmanuel Emenike FW 13 0 (0) 2015-2016
29%
84 Gift Orban DF, FW 29 7 (0) 2023-2025
29%
5 Joseph Yobo DF 251 8 (2) 2001-2009, 2013-2014
29%
15 Peter Odemwingie FW 204 59 (21) 2004-2006, 2010-2016
29%
2 Shola Ameobi FW 298 43 (20) 2000-2008, 2010-2015
29%
16 Victor Anichebe FW 204 27 (13) 2005-2017
29%
4 Yakubu Aiyegbeni FW 252 96 (26) 2003-2012
29%
42 Chinedu Obasi FW 100 17 (7) 2008-2015
24%
53 Finidi George MF, FW 70 11 (3) 2000-2001, 2003-2004
24%
157 Haruna Babangida MF, FW 1 0 (0) 2010-2011
24%
48 Leon Balogun DF 83 2 (1) 2008-2010, 2012-2013, 2015-2019
24%
40 Simeon Nwankwo FW 116 34 (4) 2016-2017, 2020-2021, 2023-2024
24%
38 Bartholomew Ogbeche FW 118 12 (1) 2001-2004, 2007-2009
18%
95 Fisayo Dele-Bashiru MF, FW 20 3 (1) 2024-2025
18%
122 Isaac Okoronkwo DF 7 0 (0) 2003-2004
18%
1 John Utaka MF, FW 303 66 (31) 2002-2013
18%
66 Maduka Okoye GK 46 0 (0) 2023-2025
18%
86 Taribo West DF 28 0 (0) 2000-2002
18%
54 Umar Sadiq FW 70 13 (2) 2015-2017, 2022-2025
18%
107 Victor Ikpeba FW 12 1 (1) 2000-2002
18%
31 Anthony Ujah MF, FW 136 30 (7) 2011-2012, 2014-2015, 2017-2019, 2021-2022
12%
45 Brown Ideye FW 89 22 (8) 2009-2010, 2014-2015, 2017-2018
12%
17 Christian Obodo MF 196 9 (8) 2001-2009, 2011-2012
12%
51 David Okereke MF, FW 74 14 (0) 2021-2024
12%
41 Dickson Etuhu MF 111 4 (3) 2007-2012
12%
128 Ikechukwu Kalu MF, FW 5 0 (0) 2007-2008
12%
115 Kelvin Etuhu MF, FW 10 1 (1) 2007-2009
12%
64 Kenneth Omeruo DF 51 1 (0) 2018-2020
12%
158 Nnamdi Oduamadi MF, FW 1 0 (0) 2010-2011
12%
49 Ogenyi Onazi MF 76 4 (4) 2011-2016
12%
141 Sam Sodje DF 3 0 (0) 2006-2007
12%
50 Samuel Kalu DF, MF, FW 76 9 (5) 2018-2022
12%
82 Semi Ajayi DF 33 2 (0) 2020-2021
12%
76 Solomon Okoronkwo FW 39 4 (1) 2005-2008
12%
37 Stephen Makinwa FW 120 16 (9) 2003-2010
12%
56 Tyronne Ebuehi DF 64 2 (5) 2021-2025
12%
36 Victor Obinna FW 122 21 (8) 2005-2006, 2008-2010, 2013-2014, 2016-2017
12%
32 Wilson Oruma MF 130 9 (10) 2002-2008
12%
123 Abass Lawal MF, FW 6 0 (0) 2003-2005
6%
58 Ade Akinbiyi FW 61 11 (3) 2000-2001, 2006-2007
6%
63 Akor Adams FW 51 11 (2) 2023-2025
6%
154 Carl Ikeme GK 1 0 (0) 2011-2012
6%
68 Chidera Ejuke MF, FW 45 2 (4) 2022-2023, 2024-2025
6%
75 Danny Shittu DF 40 1 (0) 2006-2007, 2008-2009
6%
90 Dickson Abiama FW 24 0 (1) 2021-2022
6%
133 Godwin Okpara DF 4 0 (0) 2000-2001
6%
109 Ifeanyi Udeze DF 11 0 (0) 2002-2003
6%
21 Isaac Success MF, FW 191 13 (20) 2014-2019, 2021-2024
6%
83 Jamilu Collins DF 30 1 (2) 2019-2020
6%
94 Joseph Akpala FW 21 1 (1) 2012-2013
6%
97 Julius Aghahowa FW 20 0 (1) 2006-2008
6%
23 Kevin Akpoguma DF, FW 171 3 (3) 2017-2025
6%
62 Manasseh Ishiaku FW 53 11 (3) 2007-2010
6%
149 Prosper Peter MF, FW 2 0 (0) 2024-2025
6%
142 Sani Kaita MF 3 0 (0) 2008-2009
6%
78 Seyi Olofinjana MF 37 3 (0) 2008-2010
6%
71 Sone Aluko MF, FW 42 2 (3) 2013-2015
6%
70 Uche Henry Agbo MF 44 0 (0) 2014-2016, 2018-2019
6%
131 Abdul Iyodo FW 4 0 (0) 2002-2003
0%
137 Adebowale Ogungbure MF 3 0 (0) 2001-2002
0%
150 Adewale Wahab MF 1 0 (0) 2003-2004
0%
151 Akande Ajide MF, FW 1 0 (0) 2003-2004
0%
126 Akeem Omolade FW 5 0 (0) 2002-2003
0%
152 Babatunde Akinsola MF, FW 1 0 (0) 2022-2023
0%
153 Blessing Kaku MF 1 0 (0) 2004-2005
0%
73 Bonke Innocent MF 41 0 (1) 2021-2024
0%
65 Chidozie Awaziem DF 48 1 (1) 2017-2018, 2019-2020
0%
143 Chima Okoroji DF, MF 2 0 (0) 2018-2019
0%
89 Chukwubuikem Ikwuemesi FW 25 1 (1) 2023-2024
0%
88 Cyriel Dessers FW 26 6 (1) 2022-2023
0%
118 Daniel Adejo DF 8 0 (1) 2008-2009
0%
112 David Akpan Ankeye MF, FW 10 0 (0) 2023-2025
0%
124 Dickson Nwakaeme FW 6 0 (0) 2016-2017
0%
155 Ebenezer Akinsanmiro MF 1 0 (0) 2023-2024
0%
113 Edorisi Ekhosuehi FW 10 0 (0) 2005-2006
0%
99 Edward Ofere MF, FW 18 3 (1) 2010-2012
0%
156 Ejike Uzoenyi MF, FW 1 0 (0) 2012-2013
0%
132 Eke Uzoma MF 4 0 (0) 2009-2010
0%
60 Elderson Echiéjilé DF 59 2 (1) 2007-2008, 2013-2017
0%
119 Emeka Ifejiagwa DF 8 0 (0) 2000-2001
0%
144 Emmanuel Apeh MF, FW 2 0 (0) 2018-2019
0%
145 Francis Uzoho GK 2 0 (0) 2017-2018
0%
98 Gabriel Melkam DF, MF 19 1 (0) 2003-2005
0%
74 Gabriel Osho DF 41 3 (0) 2023-2025
0%
92 George Ilenikhena FW 23 3 (2) 2024-2025
0%
108 Hafiz Ibrahim FW 11 0 (1) 2024-2025
0%
100 Hamzat Ojediran MF, FW 17 1 (0) 2024-2025
0%
120 Henry Onyekuru MF, FW 8 0 (2) 2019-2021
0%
117 Hope Akpan MF 9 0 (3) 2012-2013
0%
121 Hugo Enyinnaya FW 7 0 (0) 2000-2001
0%
138 Ibrahim Alani MF 3 0 (0) 2024-2025
0%
146 Ibrahim Babatunde FW 2 0 (0) 2002-2003
0%
114 Imoh Ezekiel MF, FW 10 0 (0) 2017-2018
0%
91 Jerry Mbakogu FW 24 2 (2) 2015-2016
0%
96 Jonathan Akpoborie FW 20 8 (2) 2000-2001
0%
101 Joseph Enakarhire DF 16 0 (0) 2006-2007
0%
57 Josh Maja FW 62 12 (2) 2018-2022
0%
129 Kelechi Nwakali MF, FW 5 0 (0) 2020-2021
0%
139 Kingsley Michael MF 3 0 (0) 2019-2020, 2021-2022
0%
69 Lukman Haruna MF 44 3 (3) 2008-2011
0%
147 Mathew Olorunleke DF 2 0 (0) 2005-2006
0%
130 Michael Odibe DF 5 0 (0) 2009-2010
0%
148 Nduka Ozokwo MF, FW 2 0 (0) 2008-2009
0%
67 Noah Joel Sarenren Bazee MF, FW 46 2 (4) 2015-2016, 2017-2023
0%
85 Nosa Igiebor MF 28 2 (1) 2012-2014
0%
134 Nwankwo Obiora DF, MF 4 0 (1) 2010-2012
0%
81 Oghenekaro Etebo MF, FW 33 1 (1) 2017-2018, 2019-2020, 2021-2022
0%
105 Olarenwaju Kayode MF, FW 12 0 (0) 2017-2018
0%
104 Olubayo Adefemi DF, MF 13 1 (0) 2009-2010
0%
33 Onyekachi Apam DF 128 1 (0) 2006-2009, 2011-2013
0%
87 Orji Okwonkwo MF, FW 27 3 (0) 2016-2019
0%
140 Osarimen Ebagua FW 3 0 (0) 2011-2012
0%
77 Pascal Ojigwe DF, MF 37 0 (0) 2000-2004
0%
35 Rabiu Afolabi DF 123 5 (0) 2005-2009
0%
52 Ramon Azeez MF 71 4 (1) 2013-2014, 2019-2021
0%
106 Seyi Olajengbesi DF 12 0 (0) 2003-2005
0%
110 Simon Zenke MF, FW 11 2 (1) 2007-2008, 2012-2013
0%
125 Suleiman Abdullahi MF, FW 6 1 (0) 2019-2020
0%
102 Sunny MF 14 0 (0) 2007-2009
0%
116 Tolu Arokodare MF, FW 10 0 (0) 2020-2021
0%
111 Tosin Dosunmu FW 11 1 (1) 2006-2007
0%
34 Victor Agali FW 128 26 (11) 2000-2004, 2007-2008
0%
135 Victor Orakpo FW 4 0 (0) 2024-2025
0%
136 Yakubu Adamu DF 4 0 (0) 2001-2002
0%
No matching quizzes found
Score Distribution
Percent of People with Each Score
Percentile by Number Answered
Your Score History
You have not taken this quiz